Kovové materiály
Salvato in:
| Autore principale: | |
|---|---|
| Natura: | Libro |
| Lingua: | ceco |
| Pubblicazione: |
Praha
Vysoká škola chemicko-technologická v Praze
2014
|
| Edizione: | 1. vyd. dotlač |
| Soggetti: | |
| Accesso online: | Visualizza in OPAC |
| Tags: |
Nessun Tag, puoi essere il primo ad aggiungerne!!
|
MARC
| LEADER | 00000nam a2200000 a 4500 | ||
|---|---|---|---|
| 005 | 20260127134107.0 | ||
| 008 | 151014 2014 000 0 cze d | ||
| 020 | |a 9788070806005 | ||
| 035 | |a vtls010965672 | ||
| 039 | 9 | |y 201510141048 |z mschk03 | |
| 040 | |a STUSCHK1 |b slo |c STUSCHK1 |e AACR2 | ||
| 100 | 1 | |a Vojtěch, Dalibor | |
| 245 | 1 | |a Kovové materiály |c Dalibor Vojtěch | |
| 250 | |a 1. vyd. dotlač | ||
| 260 | |a Praha |b Vysoká škola chemicko-technologická v Praze |c 2014 | ||
| 300 | |a 185 s. |b il. |c 28 cm | ||
| 650 | 0 | |a kovové materiály | |
| 910 | |a SCHK95 | ||
| 919 | |a 978-80-7080-600-5 | ||
| 999 | |c 3924 |d 3924 | ||